Charting changes in the retail sector (Record no. 65142)
[ view plain ]
| 000 -LEADER | |
|---|---|
| fixed length control field | 01501cam a2200265 4500 |
| 001 - CONTROL NUMBER | |
| control field | ABS62989 |
| 008 - FIXED-LENGTH DATA ELEMENTS--GENERAL INFORMATION | |
| fixed length control field | 000000n2000 000 0 eng u |
| 035 ## - SYSTEM CONTROL NUMBER | |
| System control number | (Sirsi) u109085 |
| 100 ## - MAIN ENTRY--PERSONAL NAME | |
| Personal name | Johnston, B. |
| 245 ## - TITLE STATEMENT | |
| Title | Charting changes in the retail sector |
| 260 ## - PUBLICATION, DISTRIBUTION, ETC. | |
| Date of publication, distribution, etc. | 2000 |
| 490 ## - SERIES STATEMENT | |
| Series statement | Planning (for the Natural and Built Environment) |
| Volume/sequential designation | (1392) 27 October 2000, 12-13(2) |
| 520 ## - SUMMARY, ETC. | |
| Summary, etc. | Looks at recent trends and changing patterns of trading in the retail sector. Considers the conclusions of the Competition Commission's report, published in October 2000, on the food retail industry, and implications for the planning system. The Commission found the latter to be currently broadly competitive, but was concerned about the limited choice of operators in some parts of the UK. However, it insisted that changing the planning system is not the way to address lack of consumer choice. Suggests some food retailers are responding to government pleas and adapting their businesses to the needs of local communities through convenience stores and smaller shops. Also looks at changes occurring in other retail sectors, and in the DIY market. Table. |
| 590 ## - LOCAL NOTE (RLIN) | |
| Local note | ABS |
| 650 ## - SUBJECT ADDED ENTRY--TOPICAL TERM | |
| Topical term or geographic name entry element | RETAIL INDUSTRY |
| 650 ## - SUBJECT ADDED ENTRY--TOPICAL TERM | |
| Topical term or geographic name entry element | FOOD RETAILERS |
| 650 ## - SUBJECT ADDED ENTRY--TOPICAL TERM | |
| Topical term or geographic name entry element | DIY SECTOR |
| 650 ## - SUBJECT ADDED ENTRY--TOPICAL TERM | |
| Topical term or geographic name entry element | TRENDS |
| 650 ## - SUBJECT ADDED ENTRY--TOPICAL TERM | |
| Topical term or geographic name entry element | COMPETITION |
| 650 ## - SUBJECT ADDED ENTRY--TOPICAL TERM | |
| Topical term or geographic name entry element | COMPETITION COMMISSION REPORT |
| 650 ## - SUBJECT ADDED ENTRY--TOPICAL TERM | |
| Topical term or geographic name entry element | OUT-OF-TOWN DEVELOPMENTS |
| 650 ## - SUBJECT ADDED ENTRY--TOPICAL TERM | |
| Topical term or geographic name entry element | TOWN CENTRES |
| 690 ## - LOCAL SUBJECT ADDED ENTRY--TOPICAL TERM (OCLC, RLIN) | |
| Topical term or geographic name as entry element | PROPERTY-COMMERCIAL PROPERTY-RETAIL PROPERTY |
| 942 ## - ADDED ENTRY ELEMENTS (KOHA) | |
| Suppress in OPAC | 0 |
| Withdrawn status | Lost status | Source of classification or shelving scheme | Damaged status | Not for loan | Home library | Current library | Shelving location | Date acquired | Total Checkouts | Full call number | Barcode | Date last seen | Copy number | Price effective from | Koha item type |
|---|---|---|---|---|---|---|---|---|---|---|---|---|---|---|---|
| Dewey Decimal Classification | London | London | Journal article | 02/11/2000 | ABS62989 | 109085-1001 | 06/08/2019 | 1 | 06/08/2019 | Journal article |